The most DANGEROUS companies - Statistics

General Stats
  • This quiz has been taken 24 times
  • The average score is 8 of 50
Answer Stats
Danger-position Company Home country Industry % Correct
5. Facebook USA social media
82%
1. Google USA information searches
73%
4. Amazon USA cloud services/e-commerce
59%
11. Apple USA IT/electronics etc.
50%
19. Walmart USA retail
50%
14. Microsoft USA software etc.
45%
41. ByteDance / TikTok China internet/tech/software etc.
41%
35. IKEA Sweden 'furniture'
41%
9. Alibaba China online store
32%
10. JPMorgan Chase USA banking
27%
20. Boeing USA aviation etc.
23%
17. Chevron USA oil
23%
6. Deutsche Bank Germany banking
23%
7. Gazprom Russia gas
23%
23. Walt Disney Company USA entertainment
23%
48. Berkshire Hathaway USA conglomerate/investments/insurance/utilities etc.
18%
3. Saudi-Aramco Saudi Arabia oil
18%
42. The Coca-Cola Company USA beverages etc.
18%
22. HSBC UK/Hong Kong banking, investments
14%
26. Huawei China IT/electronics etc.
14%
30. Visa USA payment intermediation/financial services
14%
32. Anheuser-Busch InBev Belgium alcohol/soft drinks
9%
12. BlackRock USA asset management
9%
34. Louis Vuitton Möet Hennessy France luxury goods
9%
27. Ryanair Ireland airline
9%
38. Academi USA private army/private security
5%
29. Bayer Germany pharmaceuticals/chemical industries
5%
37. BNP Paribas France banking
5%
8. Goldman Sachs USA banking
5%
28. Lockheed Martin USA arms industry/advanced tech etc.
5%
2. Tencent China social media/payments etc.
5%
25. Cargill USA food/health and pharmaceutical etc.
0%
47. CNPC / China National Petroneum Corporation China oil and gas/energy
0%
18. CNTC / Zhongguo Yancao Zonggongsi China tobacco
0%
39. Glencore Xstrata Switzerland metals and mining
0%
46. (​​Hangzhou) Hikvision (Digital Technology) China control technology/military intelligence/surveillance
0%
13. Hon Hai Taiwan electronics
0%
24. JBS Brazil meat processing and sales
0%
44. Kaspersky Lab Russia information security/software
0%
15. Koch USA conglomerate/energy, chemicals, plastics, finances etc.
0%
16. McKinsey USA (management) consulting
0%
33. MindGeek Luxembourg/Canada porn
0%
40. Norwegian Oil Fund Norway investments/wealth fund/financial
0%
43. Odebrecht / Novonor Brazil chemicals/defense/infra/real estate etc.
0%
50. PGE / Polska Grupa Energetyczna Poland energy/electricity
0%
49. Purdue Pharma USA pharmaceuticals
0%
21. SoftBank Japan banking, investments
0%
31. Uber USA transportation services
0%
36. UBS Switzerland banking
0%
45. UFO Group Israel control technology/military intelligence/surveillance
0%
No matching quizzes found
Score Distribution
Percent of People with Each Score
Percentile by Number Answered
Your Score History
You have not taken this quiz